000 00788nam a2200289Ia 4500
008 160803s9999 xx 000 0 und d
020 _a978-0763643485
100 _aMcDonald, Megan
245 _aJudy Moody and the bad luck charm /
245 _cMegan McDonald ; illustrated by Peter H. Reynolds.
260 _aNew York :
260 _bScholastic Inc.
260 _c2012
300 _a156 pages :
300 _billustrations ;
300 _c20 cm.
500 _aOriginally published: Somerville, Massachussets : Candlewick Press, c2012.
650 _aFamily life --
650 _aLuck --
650 _aSchools --
650 _aSpelling bees --
650 _xFiction.
650 _xFiction.
650 _xFiction.
650 _xFiction.
700 _a470
999 _c298348
_d298348